South Eastern Kenya University

Library Online Public Access Catalogue


Auditing : (Record no. 3782)

MARC details
000 -LEADER
fixed length control field 00856cam a22002654a 4500
001 - CONTROL NUMBER
control field 14695413
003 - CONTROL NUMBER IDENTIFIER
control field OSt
005 - DATE AND TIME OF LATEST TRANSACTION
control field 20141031115613.0
008 - FIXED-LENGTH DATA ELEMENTS--GENERAL INFORMATION
fixed length control field 070112s2007 ohua b 001 0 eng
010 ## - LIBRARY OF CONGRESS CONTROL NUMBER
LC control number 2006906043
020 ## - INTERNATIONAL STANDARD BOOK NUMBER
International Standard Book Number 9780324313185 (hbk.)
020 ## - INTERNATIONAL STANDARD BOOK NUMBER
International Standard Book Number 0324313187 (hbk.)
040 ## - CATALOGING SOURCE
Original cataloging agency SEKU
Transcribing agency 0
050 00 - LIBRARY OF CONGRESS CALL NUMBER
Classification number HF5667
Item number .K533 2007
100 1# - MAIN ENTRY--PERSONAL NAME
Personal name Knechel, W. Robert.
245 10 - TITLE STATEMENT
Title Auditing :
Remainder of title assurance & risk /
Statement of responsibility, etc. W. Robert Knechel, Steven E. Salterio, Brian Ballou.
250 ## - EDITION STATEMENT
Edition statement 3rd ed.
260 ## - PUBLICATION, DISTRIBUTION, ETC. (IMPRINT)
Place of publication, distribution, etc. Mason, OH :
Name of publisher, distributor, etc. Thomson/South-Western,
Date of publication, distribution, etc. c2007.
300 ## - PHYSICAL DESCRIPTION
Extent xxix, 857 p. :
Other physical details ill. ;
Dimensions 27 cm.
504 ## - BIBLIOGRAPHY, ETC. NOTE
Bibliography, etc Includes bibliographical references and index.
650 #0 - SUBJECT ADDED ENTRY--TOPICAL TERM
Topical term or geographic name as entry element Auditing.
906 ## - LOCAL DATA ELEMENT F, LDF (RLIN)
a 7
b cbc
c origcop
d 3
e opcn
f 20
g y-gencatlg
942 ## - ADDED ENTRY ELEMENTS (KOHA)
Source of classification or shelving scheme Library of Congress Classification
Koha item type General circulation
Holdings
Withdrawn status Lost status Source of classification or shelving scheme Damaged status Not for loan Home library Current library Shelving location Date acquired Total Checkouts Full call number Barcode Date last seen Date last checked out Cost, replacement price Price effective from Koha item type Public note
    Library of Congress Classification     Kitui Town Campus Library Kitui Town Campus Library General Stacks 31/10/2014 1 HF 5667 .K533 2007 2019/021688 25/03/2015 11/03/2015 1195.00 31/10/2014 General circulation LWG
Kitui, Kenya.
+254736116989
library@seku.ac.ke